Past tense 3 - Statistics

General Stats
  • This quiz has been taken 30 times
    25 since last reset
  • The average score is 12 of 15
Answer Stats
Present tense Past tense % Correct
Get Got
100%
Read Read
100%
Go Went
100%
Fight Fought
95%
See Saw
95%
Mistake Mistook
82%
Thrive Thrived
82%
Saw Sawed
77%
Shrink Shrank
77%
Tear Tore
77%
Bind Bound
73%
Whet Whetted
68%
Wring Wrung
68%
Sneak Snuck
55%
Will Willed
41%
No matching quizzes found
Score Distribution
Percent of People with Each Score
Percentile by Number Answered
Your Score History
You have not taken this quiz since the last reset